Recenzia na zborník materiálov Medzinárodnej dištančnej konferencie študentov a doktorandov Informačné technológie v ekonomike a vzdelávaní
Krátke informácie o obsahu článkov, ktoré sú súčasťou zborníka Informačné technológie v ekonomike a vzdelávaní V. Krátke hodnotenie jednotlivých článkov.
Gespeichert in:
| 1. Verfasser: | |
|---|---|
| Format: | Buchkapitel |
| Sprache: | Slowakisch |
| Schlagworte: | |
| Tags: |
Keine Tags, Fügen Sie das erste Tag hinzu!
|
MARC
| LEADER | 00000naa$a2200000$$$4500 | ||
|---|---|---|---|
| 001 | 0214234 | ||
| 005 | 20240502073600.6 | ||
| 041 | 0 | |a slo | |
| 044 | |a SK | ||
| 245 | 1 | 0 | |a Recenzia na zborník materiálov Medzinárodnej dištančnej konferencie študentov a doktorandov Informačné technológie v ekonomike a vzdelávaní |c P. Schmidt |
| 520 | |a Krátke informácie o obsahu článkov, ktoré sú súčasťou zborníka Informačné technológie v ekonomike a vzdelávaní V. Krátke hodnotenie jednotlivých článkov. | ||
| 610 | 2 | 0 | |a technológie informačné |
| 610 | 2 | 0 | |a technológie komunikačné |
| 610 | 2 | 0 | |a ekonómia |
| 610 | 2 | 0 | |a vzdelávanie |
| 610 | 2 | 0 | |a recenzie |
| 100 | 1 | |a Schmidt, Peter, 1968- | |